[Event "11th Braunau Open A"]
[Site "Ranshofen AUT"]
[Date "2012.08.08"]
[Round "6.8"]
[White "Konguvel,P"]
[Black "Kleibel,Uwe"]
[Result "1-0"]
[WhiteElo "2319"]
[BlackElo "2144"]

1.e4 e6 2.d4 d5 3.Nc3 Nf6 4.e5 Nfd7 5.f4 c5 6.Nf3 Nc6 7.Be3 Be7 8.Qd2 O-O
9.Be2 a6 10.O-O b5 11.Nd1 Qc7 12.Nf2 Bb7 13.c3 Rac8 14.Bd3 b4 15.f5 bxc3
16.bxc3 f6 17.fxe6 Ndxe5 18.dxe5 fxe5 19.Ng5 e4 20.Nfxe4 dxe4 21.Bxe4 h6
22.Nf7 Na5 23.Bf4 Qb6 24.Rab1 Qxe6 25.Bxb7 Nxb7 26.Nxh6+ gxh6 27.Rxb7 c4
28.Rbb1 Bc5+ 29.Kh1 Rcd8 30.Qe1 Qxe1 31.Rbxe1 Rd3 32.g3 Rxc3 33.Rc1 Ra3 34.Rxc4 Be3
35.Rf3 Re8 36.Bxh6 Rd3 37.Bxe3 Rdxe3 38.Rxe3 Rxe3 39.Ra4 Re6 40.Kg2 Kf7 41.Kf3 Kg6
42.h4 Rc6 43.g4 Rd6 44.Kf4 Rf6+ 45.Kg3 Rc6 46.h5+ Kh6 47.Kh4 Rd6 48.Rc4 Kg7
49.Rc7+ Kg8 50.Rc5 Rb6 51.Kg5 Kg7 52.h6+ Kh7 53.Rc7+ Kg8 54.Kh5 Rb2 55.g5  1-0

[Event "16th HZ Open"]
[Site "Vlissingen NED"]
[Date "2012.08.09"]
[Round "7"]
[White "Zelbel,P"]
[Black "Ratsma,Midas"]
[Result "1-0"]
[WhiteElo "2387"]
[BlackElo "2016"]

1.e4 e6 2.d4 d5 3.Nc3 Nf6 4.e5 Nfd7 5.f4 c5 6.Nf3 Nc6 7.Be3 Be7 8.Qd2 O-O
9.Be2 a6 10.O-O b5 11.Nd1 Bb7 12.c3 f5 13.exf6 Nxf6 14.Nf2 Rc8 15.dxc5 Re8
16.Bd3 g6 17.b4 Bf8 18.a4 bxa4 19.Rxa4 Ra8 20.Qa2 Qc8 21.Ra1 Bh6 22.Bxa6 Nh5
23.Bxb7 Rxa4 24.Qxa4 Qxb7 25.b5 Nd8 26.c6 Qc7 27.Ne5 Rf8 28.b6 Qg7 29.c7 Nb7
30.Qc6 Nxf4 31.Bxf4 Bxf4 32.Qxb7 Kh8 33.c8=Q  1-0

[Event "Miguel Najdorf Open A"]
[Site "Warsaw POL"]
[Date "2012.08.09"]
[Round "4.6"]
[White "Jakubowski,K"]
[Black "Baciu,D"]
[Result "1/2-1/2"]
[WhiteElo "2523"]
[BlackElo "2186"]

1.e4 e6 2.d4 d5 3.Nc3 Nf6 4.e5 Nfd7 5.Nce2 c5 6.c3 Nc6 7.f4 b6 8.Nf3 Be7
9.h4 Qc7 10.f5 cxd4 11.cxd4 exf5 12.a3 Ndb8 13.Nf4 Be6 14.Nh5 Bf8 15.Bd2 Nd7
16.Rc1 Qb7 17.Qa4 Ncb8 18.Ng5 h6 19.Nxe6 fxe6 20.Rh3 a6 21.Rhc3 b5 22.Rc8+ Kf7
23.Qa5 Bb4 24.R8c7 Bxa5 25.Rxb7 Bb6 26.Bb4 Ra7 27.Rxa7 Bxa7 28.Rc7 Bb6 29.Rb7 Bd8
30.g3 Be7 31.Ba5 Bd8 32.Bb4 Be7 33.Ba5 Bd8 34.Bb4  1/2-1/2

[Event "FSFMB August 2012"]
[Site "Budapest HUN"]
[Date "2012.08.10"]
[Round "7.2"]
[White "Bakos,Viktor"]
[Black "Virda,Rizka Aulia"]
[Result "1/2-1/2"]
[WhiteElo "1521"]
[BlackElo "1807"]

1.e4 e6 2.d4 d5 3.Nc3 Nf6 4.e5 Nfd7 5.Nf3 c5 6.Be3 Nc6 7.Bb5 a6 8.Bxc6 bxc6
9.dxc5 Nxc5 10.O-O Be7 11.Qd2 O-O 12.Rfe1 Rb8 13.Rab1 Nd7 14.Ne2 c5 15.c3 Bb7
16.Bf4 Re8 17.Rbd1 Bc6 18.Rb1 Nf8 19.Bg5 f6 20.Bf4 f5 21.Bg5 Ng6 22.Bxe7 Qxe7
23.Qg5 Qxg5 24.Nxg5 h6 25.Nf3 Red8 26.Red1 Bb5 27.Nc1 Nf4 28.Ne1 Ng6 29.Nf3 Kf7
30.h3 a5 31.Nd3 Rdc8 32.Kh2 a4 33.Kg3 Bc4 34.Nc1 Rb7 35.b3 axb3 36.axb3 Rcb8
37.Nd2 Nxe5 38.bxc4 Rxb1 39.Nxb1 Rxb1 40.cxd5 exd5 41.Rxd5 Ke6 42.Rd1 c4
43.Re1 Kf6 44.Nd3 f4+ 45.Kh2 Rxe1 46.Nxe1 Nd3 47.Nc2 Ke6 48.Kg1 Nb2 49.Kf1 Na4
50.Na3 Kd5 51.Nb1 Ke4 52.Ke2  1/2-1/2

[Event "16th Izmailov Mem"]
[Site "Tomsk RUS"]
[Date "2012.08.10"]
[Round "4.4"]
[White "Nukin,A"]
[Black "Lavrov,S UKR"]
[Result "1-0"]
[WhiteElo "2347"]
[BlackElo "2409"]

1.e4 e6 2.d4 d5 3.Nc3 Nf6 4.e5 Nfd7 5.f4 c5 6.Nf3 Nc6 7.Be3 cxd4 8.Nxd4 Bc5
9.Qd2 Nxd4 10.Bxd4 Bxd4 11.Qxd4 Qb6 12.Qxb6 Nxb6 13.Nb5 Ke7 14.Nd4 Bd7 15.O-O-O Bc6
16.Bd3 Nd7 17.Rhf1 g5 18.fxg5 Nxe5 19.Rde1 Kd6 20.Rf6 Nxd3+ 21.cxd3 Rag8
22.Rxf7 Rxg5 23.Rxe6+ Kc5 24.Nb3+ Kb6 25.g3 h5 26.d4 h4 27.Nc5 Kb5 28.Kc2 Kc4
29.Rxc6 bxc6 30.Ne6 c5 31.Rb7  1-0

[Event "Stare Mesto Open 2012"]
[Site "Stare Mesto CZE"]
[Date "2012.08.11"]
[Round "2.17"]
[White "Koutny,Pe"]
[Black "Bacak,Petr St."]
[Result "1-0"]
[WhiteElo "2177"]
[BlackElo "1986"]

1.e4 e6 2.d4 d5 3.Nc3 Nf6 4.e5 Nfd7 5.f4 c5 6.Nf3 Nc6 7.Be3 Be7 8.Qd2 Qa5
9.Be2 b6 10.Nb5 Qxd2+ 11.Kxd2 O-O 12.c3 a6 13.Na3 Na5 14.Rab1 c4 15.Nc2 b5
16.g4 Nb6 17.Bf2 Bd7 18.Ne3 b4 19.Bh4 Bxh4 20.Nxh4 b3 21.a3 Na4 22.f5 Ra7
23.Rhf1 Bc8 24.Bf3 Re7 25.Bg2 Bb7 26.Rf2 Rc8 27.Bh1 Rd8 28.Neg2 Bc8 29.Ke3 Nc6
30.Rbf1 Na7 31.Kf4 Nb5 32.Ne3 a5 33.Nd1 Ba6 34.Ke3 Rb8 35.Nf3 Ree8 36.Ng5 Nxa3
37.fxe6 fxe6 38.Nxe6 Nc2+ 39.Kd2 Nb6 40.Nc7 Bb5 41.Nxb5 a4 42.Na3 Nxa3 43.bxa3 Re7
44.Kc1 g6 45.Kb2 Kg7 46.Ne3 Rd8 47.Rf6 Nd7 48.Nxd5 Rxe5 49.dxe5 Nxe5 50.g5 h6
51.h4 hxg5 52.hxg5 Rh8 53.Nf4 Rh2+ 54.Bg2 Nd3+ 55.Nxd3 Rxg2+ 56.R1f2 Rxg5
57.Nc1 Rg1 58.R6f4  1-0

[Event "16th HZ Open"]
[Site "Vlissingen NED"]
[Date "2012.08.11"]
[Round "9"]
[White "Van Delft,M"]
[Black "Ikonnikov,Vy"]
[Result "1/2-1/2"]
[WhiteElo "2391"]
[BlackElo "2533"]

1.e4 e6 2.d4 d5 3.Nc3 Nf6 4.e5 Nfd7 5.f4 c5 6.Nf3 Nc6 7.Be3 cxd4 8.Nxd4 Qb6
9.Ncb5 Bc5 10.c3 Nxd4 11.Bxd4 O-O 12.Qd2 a6 13.Nd6 Qc7 14.Bxc5 Nxc5 15.Bd3 Bd7
16.O-O-O b5 17.Kb1 Rab8 18.Bc2 a5 19.f5 exf5 20.Bxf5 Be6 21.Rhf1 Qe7 22.Rf3  1/2-1/2

[Event "Miguel Najdorf Open A"]
[Site "Warsaw POL"]
[Date "2012.08.14"]
[Round "9.4"]
[White "Baciu,D"]
[Black "Socko,M"]
[Result "0-1"]
[WhiteElo "2186"]
[BlackElo "2467"]

1.e4 e6 2.d4 d5 3.Nc3 Nf6 4.e5 Nfd7 5.f4 c5 6.Nf3 Nc6 7.Be3 Be7 8.Qd2 O-O
9.Be2 a6 10.O-O b5 11.a3 Qb6 12.Nd1 f5 13.exf6 Nxf6 14.Nf2 Ne4 15.Qd3 c4
16.Qd1 c3 17.b3 b4 18.Nxe4 dxe4 19.Ng5 Bf6 20.Nxe4 Bxd4 21.Bxd4 Nxd4 22.Kh1 Bb7
23.Bd3 Rad8 24.Qh5 Nf5 25.axb4 g6 26.Qh3 Bxe4 27.Bxe4 Qxb4 28.Bxf5 exf5 29.Ra4 Qb5
30.Rfa1 Qe2 31.Qf3 Qxc2 32.Rxa6 Rd3 33.Qf1 Rfd8 34.Ra8 Rxa8 35.Rxa8+ Kg7
36.Ra1 Qd2 37.g4 c2 38.gxf5 Qd1 39.f6+ Kxf6  0-1

[Event "2nd Split Open 2012"]
[Site "Split CRO"]
[Date "2012.08.15"]
[Round "5.2"]
[White "Srbis,J"]
[Black "Berescu,A"]
[Result "1-0"]
[WhiteElo "2298"]
[BlackElo "2511"]

1.e4 e6 2.d4 d5 3.Nc3 Nf6 4.e5 Nfd7 5.f4 c5 6.Nf3 Nc6 7.Be3 a6 8.Qd2 b5 9.Be2 Qb6
10.Nd1 f5 11.Nf2 Be7 12.Rg1 O-O 13.g4 c4 14.gxf5 exf5 15.Ng5 Bxg5 16.Rxg5 Nd8
17.Bf3 Bb7 18.Nh3 Ne6 19.Rg3 Rae8 20.Qg2 Qc6 21.Ng5 Nxg5 22.Rxg5 g6 23.Kf2 b4
24.h4 Rf7 25.h5 Nf8 26.hxg6 hxg6 27.Rh1 Ree7 28.Rgh5 Rg7 29.Rh8+ Kf7 30.Qg5 Re6
31.Qd8 Re8 32.Bxd5+  1-0

[Event "Husek Vienna Open A"]
[Site "Vienna AUT"]
[Date "2012.08.15"]
[Round "3"]
[White "Michalczak,T"]
[Black "Buhmann,R"]
[Result "0-1"]
[WhiteElo "2364"]
[BlackElo "2571"]

1.e4 e6 2.d4 d5 3.Nc3 Nf6 4.e5 Nfd7 5.f4 c5 6.Nf3 Nc6 7.Be3 cxd4 8.Nxd4 Bc5
9.Qd2 O-O 10.O-O-O Bxd4 11.Bxd4 Qa5 12.Kb1 Rb8 13.Nb5 Qxd2 14.Rxd2 a6 15.Nc3 Nxd4
16.Rxd4 Nc5 17.g3 b5 18.a3 Bd7 19.b4 Nb7 20.Ne2 f6 21.exf6 gxf6 22.Bg2 Nd6
23.Rhd1 Be8 24.g4 f5 25.h3 Bg6 26.Ng3 Rbc8 27.g5 Ne4 28.R1d3 Rc7 29.Nf1 Rfc8
30.Ne3 Nc3+ 31.Ka1 Ne2 32.Nxd5 exd5  0-1

[Event "2nd Split Open 2012"]
[Site "Split CRO"]
[Date "2012.08.16"]
[Round "6.31"]
[White "Kiselev,AS"]
[Black "Maslov,Z"]
[Result "1-0"]
[WhiteElo "2191"]
[BlackElo "2039"]

1.e4 e6 2.d4 d5 3.Nc3 Nf6 4.e5 Ng8 5.f4 Bb4 6.Bd2 b6 7.Nf3 Ba6 8.Nb5 Be7
9.a4 c6 10.Na3 Bxf1 11.Rxf1 Qc8 12.c3 Qa6 13.Nc2 Qd3 14.Kf2 Nh6 15.Kg1 O-O
16.h3 Nf5 17.Kh2 h5 18.g4 hxg4 19.hxg4 Nh6 20.Ng5 Nxg4+ 21.Kg2 Nh6 22.Rh1 Bxg5
23.fxg5 Ng4 24.Qxg4 Qxd2+ 25.Kg1 Re8 26.g6 f6 27.exf6 gxf6 28.Rh8+  1-0

[Event "LBV Open A 2012"]
[Site "Roosendaal NED"]
[Date "2012.08.17"]
[Round "3.29"]
[White "Daamen,Roland"]
[Black "Groffen,H"]
[Result "1-0"]
[WhiteElo "2042"]
[BlackElo "2156"]

1.e4 e6 2.d4 d5 3.Nc3 Nf6 4.e5 Nfd7 5.f4 c5 6.Nf3 Nc6 7.Be3 cxd4 8.Nxd4 Qb6
9.Qd2 Qxb2 10.Rb1 Qa3 11.Be2 Bb4 12.Rb3 Qa5 13.O-O Nc5 14.Rxb4 Nxb4 15.Ndb5 Nba6
16.Nd6+ Kf8 17.f5 exf5 18.g4 d4 19.Bxd4 Ne6 20.Rxf5 Nxd4 21.Rxf7+ Kg8 22.Rxg7+  1-0

[Event "Husek Vienna Open A"]
[Site "Vienna AUT"]
[Date "2012.08.17"]
[Round "5"]
[White "Deur,Z"]
[Black "Beckhuis,G"]
[Result "0-1"]
[WhiteElo "2165"]
[BlackElo "2288"]

1.e4 e6 2.d4 d5 3.Nc3 Nf6 4.e5 Nfd7 5.f4 c5 6.Nf3 Nc6 7.Be3 Be7 8.Qd2 O-O
9.Be2 b6 10.O-O f5 11.Nd1 cxd4 12.Nxd4 Nxd4 13.Bxd4 Nc5 14.Nf2 Bb7 15.a4 a5
16.Qe3 Qd7 17.b3 Ba6 18.Bxa6 Rxa6 19.Rad1 Qc6 20.h3 b5 21.axb5 Qxb5 22.c4 dxc4
23.bxc4 Qc6 24.Rb1 a4 25.Rfd1 Rc8 26.Nd3 Nxd3 27.Qxd3 a3 28.Ba1 a2 29.Rbc1 Rd8
30.Qb3 Bc5+ 31.Kh2 Rda8 32.Qd3 Ra3 33.Rc3 Rxc3 34.Bxc3 h6 35.Qe2 Qe4 36.Qxe4 fxe4
37.Ba1 e3 38.Re1 Rd8 39.Kg3 Rd2 40.Bc3 Rd3 41.Bb2 e2+ 42.Kh2 Rd2 43.Bc3 Rc2  0-1

[Event "LBV Open A 2012"]
[Site "Roosendaal NED"]
[Date "2012.08.18"]
[Round "5.25"]
[White "Haver,Bas"]
[Black "Groffen,H"]
[Result "0-1"]
[WhiteElo "2023"]
[BlackElo "2156"]

1.e4 e6 2.d4 d5 3.Nc3 Nf6 4.e5 Nfd7 5.f4 c5 6.Nf3 Nc6 7.Be3 cxd4 8.Nxd4 Qb6
9.Qd2 Qxb2 10.Rb1 Qa3 11.Bb5 Nxd4 12.Bxd4 a6 13.Bxd7+ Bxd7 14.Rxb7 Bb4 15.O-O Rc8
16.Rf3 Bc6 17.Ra7 g6 18.f5 gxf5 19.Qg5 Bc5 20.Ne4 Bxd4+ 21.Kh1 dxe4 22.Rxa3 Bxa7
23.Qg7 Rf8 24.Rxa6 Bf2 25.Qxh7 Rb8 26.h4 Bg3  0-1

[Event "e2e4 Gatwick Masters A 2012"]
[Site "Crawley ENG"]
[Date "2012.08.19"]
[Round "3.5"]
[White "Eggleston,D"]
[Black "Compton,A"]
[Result "0-1"]
[WhiteElo "2364"]
[BlackElo "2072"]

1.e4 e6 2.d4 d5 3.Nc3 Nf6 4.e5 Nfd7 5.f4 c5 6.Nf3 Nc6 7.Be3 cxd4 8.Nxd4 Bc5
9.Qd2 O-O 10.O-O-O a6 11.Nb3 Bb4 12.Bd3 b5 13.g4 Bb7 14.Rhg1 Na5 15.Bd4 Nxb3+
16.axb3 Bc5 17.Ne2 Qe7 18.Rg3 Bxd4 19.Nxd4 Nc5 20.Rh3 Ne4 21.Qe1 f5 22.gxf5 exf5
23.Qg1 b4 24.Rh5 Bc8 25.Rh6 g6 26.Nc6 Qg7 27.Rh4 Bb7 28.Bxe4 dxe4 29.Nxb4 Qe7
30.Qe1 a5 31.Nd5 Bxd5 32.Rxd5 a4 33.Rh3 axb3  0-1

[Event "21st Feffernitz Open"]
[Site "Feffernitz AUT"]
[Date "2012.08.19"]
[Round "2.11"]
[White "Arztmann,Nils"]
[Black "Jandke,M"]
[Result "1/2-1/2"]
[WhiteElo "1897"]
[BlackElo "2137"]

1.e4 e6 2.d4 d5 3.Nc3 Nf6 4.e5 Nfd7 5.f4 c5 6.Nf3 Nc6 7.Be3 a6 8.Qd2 b5 9.dxc5 Bxc5
10.Ne2 Qb6 11.Bxc5 Qxc5 12.Ned4 Bb7 13.Qf2 Rc8 14.Nxc6 Rxc6 15.Qxc5 Rxc5
16.Bd3 O-O 17.O-O Nb6 18.c3 Nc4 19.Rf2 Rb8 20.Nd4 Bc8 21.Bxc4 dxc4 22.Rd1 Bb7
23.Rfd2 Bd5 24.Nc2  1/2-1/2

[Event "21st Feffernitz Open"]
[Site "Feffernitz AUT"]
[Date "2012.08.19"]
[Round "2.10"]
[White "Praznik,A"]
[Black "Mirata,Danilo"]
[Result "1-0"]
[WhiteElo "2138"]
[BlackElo "1897"]

1.e4 e6 2.d4 d5 3.Nc3 Nf6 4.e5 Nfd7 5.Nf3 c5 6.dxc5 Bxc5 7.Bd3 a6 8.O-O Nc6
9.Bf4 Be7 10.Re1 Nf8 11.Bg3 Ng6 12.a3 Bd7 13.Ne2 Rc8 14.c3 O-O 15.Ned4 Nxd4
16.Nxd4 Bh4 17.Qh5 Bxg3 18.hxg3 Re8 19.Re3 Nf8 20.f4 g6 21.Qh6 f5 22.g4 Qe7
23.Rg3 Kh8 24.Kf2 Rc7 25.Rh1 Qf7 26.gxf5 exf5 27.Rgh3 Be6 28.Nf3 Qg7 29.Nd4 Qf7
30.Nf3 Qg7 31.Qxg7+ Rxg7 32.Ke3 Kg8 33.Rg3 Rc8 34.Nd4 Rcc7 35.Bc2 Rcd7 36.Bb3 Rd8
37.Rd1 Rgd7 38.Ba4 Rc7 39.Bc2 Rg7 40.Kf2 Kh8 41.Bb3 Rgd7 42.Rgd3 Bf7 43.g3 Kg7
44.Ke3 Rc7 45.R1d2 Rcd7 46.Bd1 Bg8 47.Bf3 h5 48.Nc2 Ne6 49.Rxd5 Rxd5 50.Rxd5 Rxd5
51.Bxd5 Nc5 52.Bf3 b6 53.b4 Na4 54.Kd4 Nb2 55.Ne3 Be6 56.c4 Kf7 57.Bc6  1-0

[Event "2nd Isthmia Open A"]
[Site "Korinthia GRE"]
[Date "2012.08.20"]
[Round "4.23"]
[White "Petraki,M"]
[Black "Urosevic,G"]
[Result "0-1"]
[WhiteElo "2041"]
[BlackElo "2239"]

1.e4 e6 2.d4 d5 3.Nc3 Nf6 4.e5 Nfd7 5.f4 c5 6.Nf3 Nc6 7.Be3 Be7 8.Qd2 O-O
9.Be2 b6 10.O-O Bb7 11.f5 cxd4 12.Nxd4 Nxd4 13.Bxd4 exf5 14.Rxf5 Nc5 15.Rd1 Ne6
16.Kh1 g6 17.Rff1 Bg5 18.Qe1 Nxd4 19.Rxd4 Be3 20.Rd3 d4 21.Nd1 Be4 22.Ra3 Qg5
23.Nxe3 dxe3 24.Bf3 Bxf3 25.Rxf3 Qxe5 26.Rc3 Qb5 27.b3 e2 28.Rce3 Rae8 29.c4 Qa5
30.Qxe2 Rd8 31.Rd3 Qg5 32.h3 h5 33.Rxd8 Rxd8 34.Rd3 Qc1+ 35.Kh2 Qf4+ 36.Kg1 Rxd3
37.Qxd3 h4 38.Qd8+ Kg7 39.Qe7 a5 40.Qd8 Qe3+ 41.Kh2 g5 42.Kh1 f6 43.Qd7+ Kg6
44.Kh2 f5 45.Qc6+ Kf7 46.Qd7+ Kf6 47.Qd6+ Qe6 48.Qd8+ Kg6 49.Kg1 Qe3+ 50.Kh2 f4
51.Qd6+ Kf5 52.Qd5+ Kf6 53.Qd8+ Ke6 54.Qd5+ Kf6 55.Qd8+ Kf5 56.Qd7+ Qe6 57.Qh7+ Ke5
58.Qd3 Qd6 59.Qe2+ Kd4 60.Kg1 Kc3 61.Qe1+ Qd2 62.Qa1+ Kc2 63.Qf6 Qe3+ 64.Kf1 Qd3+
65.Kg1 Qe3+ 66.Kf1 Qc5 67.Ke2 Kb1 68.Qg6+ Kb2 69.Qd3 Qe3+ 70.Qxe3 fxe3 71.Kxe3 Kxa2
72.Kd4  0-1

[Event "e2e4 Gatwick Masters B 2012"]
[Site "Crawley ENG"]
[Date "2012.08.21"]
[Round "7.1"]
[White "Snape,I"]
[Black "Brown,Mart"]
[Result "1/2-1/2"]
[WhiteElo "2274"]
[BlackElo "2241"]

1.e4 e6 2.d4 d5 3.Nc3 Nf6 4.e5 Nfd7 5.f4 c5 6.Nf3 Nc6 7.Be3 a6 8.Qd2 b5 9.dxc5 Bxc5
10.Ne2 Qb6 11.Bxc5 Nxc5 12.Ned4 Ne4 13.Qe3 Bb7 14.Bd3 O-O 15.O-O b4 16.Rae1 a5
17.Nxc6 Qxe3+ 18.Rxe3 Bxc6 19.Nd4 Bb7 20.Ra1 Ba6 21.Bxa6 Rxa6 22.a3 Rb6 23.b3 Rc8
24.Rd3 bxa3 25.Rxa3 Ra8 26.Rd1 Rba6 27.Rda1 Kf8 28.g4 h6 29.Nb5 Rc6 30.Rxa5 Rxa5
31.Rxa5 Rxc2 32.Ra8+ Ke7 33.Ra7+ Ke8 34.Ra8+ Ke7 35.Ra7+ Ke8 36.Ra8+  1/2-1/2

[Event "2nd Isthmia Open A"]
[Site "Korinthia GRE"]
[Date "2012.08.21"]
[Round "5.9"]
[White "Filippas,S"]
[Black "Antic,De"]
[Result "1-0"]
[WhiteElo "2268"]
[BlackElo "2506"]

1.e4 e6 2.d4 d5 3.Nc3 Nf6 4.e5 Nfd7 5.Nce2 c5 6.c3 Nc6 7.f4 b5 8.a3 a5 9.Nf3 Qb6
10.f5 Be7 11.Nf4 Nf8 12.Nh5 Rg8 13.f6 gxf6 14.exf6 Bd6 15.Ng7+ Kd7 16.Ng5 cxd4
17.Qh5 Ne5 18.Nxf7 Neg6 19.Nxd6 Kxd6 20.Ne8+ Kc6 21.f7 Rh8 22.Bd3 Ra7 23.O-O dxc3+
24.Kh1 Qd4 25.Qe2 Qe5 26.Bxb5+ Kb6 27.Be3+ d4 28.Qc4 Qxb5 29.Bxd4+ Ka6 30.Qxc8+  1-0

[Event "e2e4 Gatwick Masters A 2012"]
[Site "Crawley ENG"]
[Date "2012.08.22"]
[Round "9.3"]
[White "Compton,A"]
[Black "Madan,A"]
[Result "1-0"]
[WhiteElo "2072"]
[BlackElo "2315"]

1.e4 e6 2.d4 d5 3.Nc3 Nf6 4.e5 Nfd7 5.f4 c5 6.Nf3 Nc6 7.Be3 a6 8.Qd2 b5 9.a3 Bb7
10.Qf2 b4 11.axb4 cxb4 12.Na4 Nb6 13.Bd3 Nc4 14.O-O f5 15.exf6 Qxf6 16.Bxc4 dxc4
17.Nb6 Rd8 18.Nxc4 Be7 19.Nfe5 O-O 20.c3 Qf5 21.Rae1 a5 22.Bc1 a4 23.Nxc6 Bxc6
24.Ne5 Bb7 25.Qe2 a3 26.bxa3 bxc3 27.Qb5 Bd5 28.Nc6 Rde8 29.a4 Bh4 30.Re2 Rc8
31.Ne5 Bf6 32.g4 Bxe5 33.gxf5 Bxd4+ 34.Be3 Bc4 35.Bxd4 Bxb5 36.axb5 Rxf5
37.Be5 Rf7 38.Rc2 Rb7 39.Rb1 Rc5 40.Rxc3 Rbxb5 41.Rxb5 Rxb5 42.Rc8+ Kf7 43.Rc7+ Kg6
44.Rxg7+ Kf5 45.Rxh7 Ra5 46.Rg7 Ke4 47.Rg3  1-0

[Event "ZMDI Open A 2012"]
[Site "Dresden GER"]
[Date "2012.08.22"]
[Round "5"]
[White "Mertens,P"]
[Black "Kammers,H"]
[Result "1/2-1/2"]
[WhiteElo "2030"]
[BlackElo "2145"]

1.e4 e6 2.d4 d5 3.Nc3 Nf6 4.e5 Nfd7 5.f4 c5 6.Nf3 Nc6 7.Be3 cxd4 8.Nxd4 Bc5
9.Qd2 Bxd4 10.Bxd4 Nxd4 11.Qxd4 Qb6 12.O-O-O Qxd4 13.Rxd4 O-O 14.Be2 b6 15.Rhd1 Bb7
16.Bf3 Nb8 17.Nb5 Nc6 18.R4d2 Na5 19.b3 Rfc8 20.Kb1 Kf8 21.g4 Ba6 22.Nd4 Rc3
23.Bg2 Rac8 24.Kb2 Re3 25.Rf2 Ke7 26.Kc1 Rcc3  1/2-1/2

[Event "21st Feffernitz Open"]
[Site "Feffernitz AUT"]
[Date "2012.08.22"]
[Round "5.8"]
[White "Manhardt,T"]
[Black "Frey,Ar"]
[Result "1-0"]
[WhiteElo "2158"]
[BlackElo "1977"]

1.e4 e6 2.d4 d5 3.Nc3 Nf6 4.e5 Nfd7 5.f4 c5 6.Nf3 cxd4 7.Nxd4 a6 8.Be3 Nc6
9.Qd2 Qc7 10.O-O-O b5 11.h4 h5 12.Qf2 Nxd4 13.Bxd4 Nc5 14.Kb1 Bd7 15.Bd3 Nxd3
16.cxd3 b4 17.Ne2 Bb5 18.Qe3 Be7 19.f5 Rb8 20.fxe6 fxe6 21.Nf4 Rh6 22.Qg3 Kf7
23.Nxd5 Qd7 24.Rhf1+ Kg8 25.Nf6+ Bxf6 26.exf6 Rd8 27.f7+  1-0

[Event "2nd Isthmia Open A"]
[Site "Korinthia GRE"]
[Date "2012.08.22"]
[Round "6.9"]
[White "Sethuraman,S"]
[Black "Markidis,K"]
[Result "1-0"]
[WhiteElo "2546"]
[BlackElo "2351"]

1.e4 e6 2.d4 d5 3.Nc3 Nf6 4.e5 Nfd7 5.f4 c5 6.Nf3 Nc6 7.Be3 Be7 8.dxc5 Nxc5
9.Qd2 O-O 10.O-O-O a6 11.Qf2 Qa5 12.Kb1 Bd7 13.f5 Rfc8 14.f6 Bf8 15.fxg7 Be7
16.Bg5 Ne4 17.Nxe4 dxe4 18.Bxe7 exf3 19.Rxd7 Nxe7 20.Bd3 Rc7 21.Rxe7  1-0

[Event "14th Sants Open A"]
[Site "Barcelona ESP"]
[Date "2012.08.24"]
[Round "8.4"]
[White "Spraggett,K"]
[Black "Oms Pallisse,J"]
[Result "1-0"]
[WhiteElo "2595"]
[BlackElo "2461"]

1.e4 e6 2.d4 d5 3.Nc3 Nf6 4.e5 Nfd7 5.Nce2 c5 6.c3 Nc6 7.Nf3 cxd4 8.cxd4 f6
9.exf6 Nxf6 10.Nc3 Bd6 11.Bd3 O-O 12.O-O a6 13.Re1 Qc7 14.h3 Bd7 15.Be3 Rae8
16.Rc1 Qb8 17.a3 Kh8 18.b4 e5 19.dxe5 Nxe5 20.Nxe5 Bxe5 21.Bb1 Bc6 22.Qd3 Ne4
23.Nxe4 dxe4 24.Qb3 Qd6 25.Bc5 Qf6 26.Bxe4 Bd4 27.Bxd4 Qxd4 28.Bf3 Qd2 29.Red1 Qf4
30.Rc3 Re2 31.Re3 Rxe3 32.Qxe3 Qxe3 33.fxe3 Bxf3 34.gxf3 h6 35.Kf2 Rc8 36.Rd3 Kg8
37.e4 Rc7 38.Kg3 Kf7 39.Rd6 Ke7 40.Rb6 Kd8 41.h4 Ke8 42.a4  1-0

[Event "ZMDI Open A 2012"]
[Site "Dresden GER"]
[Date "2012.08.25"]
[Round "8"]
[White "Olszewski,Mi"]
[Black "Danin,A"]
[Result "0-1"]
[WhiteElo "2521"]
[BlackElo "2530"]

1.e4 e6 2.d4 d5 3.Nc3 Nf6 4.e5 Nfd7 5.Nce2 c5 6.c3 Nc6 7.Nf3 cxd4 8.cxd4 f6
9.Nf4 Bb4+ 10.Bd2 Qe7 11.exf6 Nxf6 12.a3 Bxd2+ 13.Qxd2 O-O 14.Be2 Ne4 15.Qe3 Nd6
16.O-O Nf5 17.Qd2 g5 18.Nh5 h6 19.Rae1 Bd7 20.Bd1 Be8 21.Ng3 Ng7 22.Ne5 Nxe5
23.Rxe5 Qf6 24.f4 Bb5 25.Be2 Bxe2 26.Qxe2 gxf4 27.Qg4 Kh7 28.Ne2 Rac8 29.Nxf4 Rc2
30.h3 Rd2 31.g3 Rxd4 32.Qe2 Rd2 33.Qe3 Rxb2 34.Qd3+ Kg8 35.Rfe1 Rb6 36.R5e2 Rc6
37.Re3 Rf7 38.Rf1 Nf5 39.Ne2 Qg7 40.Ref3 Rcc7 41.Rf4 Qe5 42.Rg4+ Rg7 43.Rf3 a6
44.Rgf4 Rcf7 45.Kf2 Nd6 46.Rxf7 Nxf7 47.Re3 Qf6+ 48.Kg2 Ng5 49.Nf4 Ne4 50.Qf1 Qb2+
51.Kh1 Rxg3 52.Rxe4 dxe4  0-1

[Event "14th Sants Open A"]
[Site "Barcelona ESP"]
[Date "2012.08.26"]
[Round "10.8"]
[White "Aroshidze,L"]
[Black "Sipila,V"]
[Result "1-0"]
[WhiteElo "2568"]
[BlackElo "2431"]

1.e4 e6 2.d4 d5 3.Nc3 Nf6 4.e5 Nfd7 5.f4 c5 6.Nf3 Nc6 7.Be3 a6 8.Qd2 b5 9.a3 Bb7
10.Bd3 Qb6 11.Qf2 c4 12.Be2 b4 13.axb4 Bxb4 14.O-O Ne7 15.Na4 Qc6 16.Bd2 Bxd2
17.Nxd2 O-O 18.Bg4 Rab8 19.b4 Ra8 20.Qh4 Rfe8 21.Nc5 Nxc5 22.bxc5 Qc7 23.c3 Bc6
24.Bd1 a5 25.Bc2 Ng6 26.Qh5 Rab8 27.Ra2 a4 28.g4 f6 29.f5 Nf8 30.exf6 gxf6
31.Bxa4 Bxa4 32.Rxa4 e5 33.g5 exd4 34.cxd4 c3 35.Nf3 c2 36.gxf6 Kh8 37.Ra2 Qf4
38.Rxc2 h6 39.Rg2 Nd7 40.f7 Rf8 41.Qg6 Rb7 42.Qg7+  1-0

[Event "World Youth U16 Olympiad 2012"]
[Site "Istanbul TUR"]
[Date "2012.08.30"]
[Round "2.6"]
[White "Tan,Ju2"]
[Black "Theodorou,Nikolas"]
[Result "1-0"]
[WhiteElo "2221"]
[BlackElo "2129"]

1.e4 e6 2.d4 d5 3.Nc3 Nf6 4.e5 Nfd7 5.f4 c5 6.Nf3 Nc6 7.Be3 Qb6 8.Na4 Qa5+
9.c3 b6 10.Bd2 c4 11.b4 Qa6 12.a3 b5 13.Nc5 Nxc5 14.dxc5 Qb7 15.Be3 Bd7 16.Be2 Be7
17.O-O g6 18.Bf2 h6 19.Qd2 Rg8 20.Bh4 Bxh4 21.Nxh4 O-O-O 22.Nf3 d4 23.cxd4 Ne7
24.a4 Nd5 25.axb5 Bxb5 26.Qc1 Kb8 27.Ra5 a6 28.Bxc4 Bxc4 29.Qxc4 Ne3 30.Qd3 Nxf1
31.Rxa6 Ne3 32.Rb6 Qxb6 33.cxb6 Nd5 34.Qb5 Nxf4 35.Qa4 Kb7 36.Qa7+ Kc6 37.Qxf7 Rgf8
38.Qc7+ Kd5 39.Qc5+ Ke4 40.Qc2+ Ke3 41.Qc3+ Ke4 42.Nd2+ Kf5 43.Qc2+ Kg4 44.h3+ Kg3
45.Ne4+ Kh4 46.Qf2+  1-0

[Event "World Youth U16 Olympiad 2012"]
[Site "Istanbul TUR"]
[Date "2012.08.30"]
[Round "3.6"]
[White "Principe,A"]
[Black "Dolnak,Michal"]
[Result "1-0"]
[WhiteElo "2228"]
[BlackElo "2141"]

1.e4 e6 2.d4 d5 3.Nc3 Nf6 4.e5 Nfd7 5.f4 c5 6.Nf3 Nc6 7.Be3 Be7 8.Qd2 a6
9.Be2 b5 10.a3 Qc7 11.O-O O-O 12.Rae1 Bb7 13.Nd1 cxd4 14.Nxd4 Nc5 15.Nf2 Rad8
16.c3 Qc8 17.Nxc6 Bxc6 18.Bd1 Qb7 19.Bd4 a5 20.b4 axb4 21.axb4 Nd7 22.Bc2 Nb6
23.Qd3 g6 24.Ng4 Bd7 25.Qg3 Rc8 26.f5 Nc4 27.f6  1-0

[Event "37th Trade Fair Open A"]
[Site "Brno CZE"]
[Date "2012.08.31"]
[Round "7"]
[White "Malinovsky,K"]
[Black "Ganaus,H"]
[Result "1-0"]
[WhiteElo "2379"]
[BlackElo "2318"]

1.e4 e6 2.d4 d5 3.Nc3 Nf6 4.e5 Nfd7 5.f4 c5 6.Nf3 Nc6 7.Be3 Qb6 8.Na4 Qa5+
9.c3 b6 10.Kf2 Ba6 11.b3 Bxf1 12.Rxf1 cxd4 13.cxd4 b5 14.Nb2 Ba3 15.Nd3 O-O
16.Bc1 Rac8 17.Bxa3 Qxa3 18.Qd2 a5 19.Rfc1 Nb4 20.Nxb4 Qxb4 21.Qxb4 axb4
22.Ne1 Nb8 23.Nd3 Na6 24.Ke2 Rfd8 25.Rxc8 Rxc8 26.Kd2 Kf8 27.a3 bxa3 28.Rxa3 Nb8
29.Ra8 Ke8 30.Nc5 Kd8 31.Nb7+ Kc7 32.Nd6 Rf8 33.Ra7+ Kb6 34.Rb7+ Ka6 35.Rxb5 Nc6
36.Ke3 f6 37.Rb7 g5 38.b4 gxf4+ 39.Kd3 Nxe5+ 40.dxe5 fxe5 41.b5+ Ka5 42.Ra7+ Kb6
43.Ra6+ Kc7 44.Rc6+ Kb8 45.b6  1-0

[Event "8th Dieppe Open A 2012"]
[Site "Dieppe FRA"]
[Date "2012.08.31"]
[Round "8.5"]
[White "Sochacki,W"]
[Black "Chabanon,JL"]
[Result "0-1"]
[WhiteElo "2275"]
[BlackElo "2470"]

1.e4 e6 2.d4 d5 3.Nc3 Nf6 4.e5 Nfd7 5.f4 c5 6.Nf3 Nc6 7.Be3 Be7 8.Qd2 O-O
9.Be2 b6 10.O-O Bb7 11.Nd1 cxd4 12.Nxd4 Nc5 13.Nxc6 Bxc6 14.Bd4 Qd7 15.Nc3 Na4
16.Nxa4 Bxa4 17.Bd3 Bb5 18.f5 Bxd3 19.Qxd3 exf5 20.Rxf5 Bc5 21.Raf1 Bxd4+
22.Qxd4 Rac8 23.R5f2 Rc4 24.Qd3 Re4 25.Re2 Rxe2 26.Qxe2 Re8 27.Re1 Qe6 28.Qd3 g6
29.h3 Qc6 30.c3 f6 31.Qd4 Qc5 32.b4 Qxd4+ 33.cxd4 fxe5 34.dxe5 Kf7 35.Kf2 Ke6
36.Ke3 Rc8 37.Kd3 Rc4 38.a3 a5 39.Rf1 axb4 40.Rf6+ Kxe5 41.Rxb6 Rc3+ 42.Kd2 Rxa3
43.Rxb4 Ra2+ 44.Ke3 Rxg2 45.Kf3 Rg5 46.Rb7 Rh5  0-1

[Event "FSIM Sept 2012"]
[Site "Budapest HUN"]
[Date "2012.09.01"]
[Round "1.2"]
[White "Szalanczy,E"]
[Black "Sadilek,P"]
[Result "1-0"]
[WhiteElo "2237"]
[BlackElo "2262"]

1.e4 e6 2.d4 d5 3.Nc3 Nf6 4.e5 Nfd7 5.f4 c5 6.Nf3 Nc6 7.Be3 Qb6 8.a3 cxd4
9.Nxd4 Bc5 10.Na4 Qa5+ 11.c3 Bxd4 12.Bxd4 Nxd4 13.Qxd4 b6 14.Qb4 Qxb4 15.axb4 Ke7
16.Bb5 f6 17.O-O fxe5 18.fxe5 Rb8 19.Rae1 a6 20.Bd3 Bb7 21.b3 Rhf8 22.Rxf8 Rxf8
23.Bxh7 Rh8 24.Bc2 Rh5 25.Bd1 Rg5 26.g4 Rg6 27.h4 Rh6 28.h5 Rh8 29.Kf2 Bc6
30.Kg3 Bxa4 31.bxa4 Rc8 32.Re3 a5 33.g5 Kf7 34.Be2 Rc7 35.Bb5 Nf8 36.Kg4 Kg8
37.g6 Nd7 38.Kg5 Nb8 39.Rf3 Re7 40.Rf4 Rc7 41.bxa5 bxa5 42.c4 Re7 43.cxd5 exd5
44.Kf5 Nd7 45.Bxd7 Rxd7 46.e6  1-0